|
|
|
|
| LEADER |
02396nam a2200589 a 4500 |
| 001 |
nkc20061643222 |
| 003 |
CZ PrNK |
| 005 |
20061129133533.0 |
| 007 |
ta |
| 008 |
060216s2006 xr acfhg 000 ddcze |
| 015 |
|
|
|a cnb001643222
|
| 020 |
|
|
|a 80-7258-220-8
|q (brož.)
|z 80-7258-220-4
|
| 035 |
|
|
|a (OCoLC)85702263
|
| 040 |
|
|
|a BOA001
|b cze
|d ABA001
|
| 041 |
1 |
|
|a cze
|h cze
|h eng
|
| 043 |
|
|
|a e-xr---
|b e-xr-pg
|2 czenas
|
| 045 |
|
|
|a t9t9
|a y0y0
|
| 072 |
|
7 |
|a 792
|x Divadlo. Divadelní představení
|2 Konspekt
|9 3
|
| 080 |
|
|
|a 821.111-2
|2 MRF
|
| 080 |
|
|
|a 792.2
|2 MRF
|
| 080 |
|
|
|a (437.311)
|2 MRF
|
| 080 |
|
|
|a (083.97)
|2 MRF
|
| 080 |
|
|
|a (0:82-2)
|2 MRF
|
| 245 |
0 |
0 |
|a William Shakespeare, Richard III. :
|b premiéra 2. a 4. března 2006 ve Stavovském divadle /
|c [program připravila Daria Ullrichová]
|
| 260 |
|
|
|a Praha :
|b Národní divadlo,
|c 2006
|
| 300 |
|
|
|a 249 s., [16] s. barev. obr. příl. :
|b il. (některé barev.), portréty, faksim. ;
|c 21 cm +
|e text ([2] l.)
|
| 500 |
|
|
|a Část. přeloženo z angličtiny
|
| 500 |
|
|
|a Na obálce nad názvem: Národní divadlo, Činohra
|
| 504 |
|
|
|a Obsahuje bibliografické odkazy
|
| 505 |
2 |
|
|a Richard III. / William Shakespeare ; přeložil Martin Hilský ; inscenační úprava Michal Dočekal a Daria Ullrichová
|
| 610 |
2 |
7 |
|a Stavovské divadlo
|7 kn20010724562
|2 czenas
|
| 648 |
|
7 |
|a 16. století
|7 ch460554
|2 czenas
|
| 648 |
|
7 |
|a 2006
|7 ch969049
|2 czenas
|
| 650 |
0 |
7 |
|a anglické drama
|7 ph114054
|y 16. století
|2 czenas
|
| 650 |
0 |
7 |
|a činohry
|7 ph128179
|z Česko
|y 2001-2010
|2 czenas
|
| 650 |
0 |
9 |
|a English drama
|y 16th century
|2 eczenas
|
| 650 |
0 |
9 |
|a drama stages
|z Czechia
|y 2001-2010
|2 eczenas
|
| 651 |
|
7 |
|a Praha (Česko)
|7 ge118011
|2 czenas
|
| 651 |
|
9 |
|a Prague (Czechia)
|2 eczenas
|
| 655 |
|
7 |
|a divadelní programy
|7 fd132033
|2 czenas
|
| 655 |
|
7 |
|a anglická dramata
|7 fd131806
|2 czenas
|
| 655 |
|
9 |
|a playbills
|2 eczenas
|
| 655 |
|
9 |
|a English drama
|2 eczenas
|
| 700 |
1 |
|
|a Ullrichová, Daria,
|d 1949-
|7 xx0006731
|4 edt
|
| 700 |
1 |
2 |
|a Shakespeare, William,
|d 1564-1616.
|t King Richard III.
|l Česky
|7 aun2006373458
|
| 710 |
2 |
|
|a Národní divadlo v Praze.
|b Činohra
|7 kn20010709462
|
| 710 |
2 |
|
|a Stavovské divadlo
|7 kn20010724562
|
| 910 |
2 |
|
|a BOA001
|b 2-1174.935
|
| 990 |
|
|
|a BK
|
| 995 |
|
|
|a 01
|
| 991 |
|
|
|b 200610
|
| 996 |
6 |
|
|b 2610290914
|c 2-1174.935
|l MZK
|r Sklad / do 1 hodiny
|n 1
|p p.v.
|w 000827784
|u 000010
|a 1
|e BOA001
|j MZK50
|s P
|